| 000 | 00577nam a2200157Ia 4500 | ||
|---|---|---|---|
| 008 | 151213s9999 xx 000 0 und d | ||
| 100 | _aমো: সা’দাত আলী। | ||
| 245 |
_aবিশ্ব সাহিত্যে নোবেল বিজয়ী। _cমো: সা’দাত আলী। |
||
| 250 | _a১ম সং | ||
| 260 |
_aঢাকা _bএশিয়া পাবলিকেশন্ _c2001 |
||
| 300 | _a4322 p. | ||
| 650 | _aBangla | ||
| 650 | _aসাহিত্য | ||
| 700 | _aমো: সা’দাত আলী। | ||
| 999 |
_c2736 _d2736 |
||